000 00535nam a2200169 4500
999 _c4180
_d4180
008 160827b xxu||||| |||| 00| 0 eng d
022 _a2094-8042
082 _aDPer 370.105 M72 Jan-Dec 2012 V. 60-61
100 _913794
_aDimaano, Agapita B.
243 _aThe modern teacher
245 _aBangkang papel/
_cAgapita B. Dimaano.
260 _aPhilippines:
_bIn the Grade School, Inc.,
_c©2012.
300 _aV60 n9, pages 390-391;
_c28 cm.
500 _aThe Modern Teacher
650 0 _913795
_aShort stories
942 _2ddc
_cPER